[Event "Madrid-ch Semifinal A"]
[Site "Madrid ESP"]
[Date "2014.03.25"]
[Round "8.16"]
[White "Luna Hermoso, Angel"]
[Black "Lopez Heras, Arturo"]
[Result "1-0"]
[WhiteElo "1973"]
[BlackElo "1956"]
[PlyCount "79"]
[EventDate "2014.03.10"]
[EventType "swiss"]
[EventRounds "9"]
[EventCountry "ESP"]
[Source "lmi"]
[SourceDate "2014.03.10"]

1. e4 e5 2. Nf3 Nc6 3. Bc4 Bc5 4. b4 Bxb4 5. c3 Bd6 6. O-O Nf6 7. d4 h6 8. dxe5
Bxe5 9. Ba3 d6 10. Nbd2 O-O 11. Bb5 Re8 12. Qa4 a6 13. Bxc6 bxc6 14. Nxe5 Rxe5
15. f3 Bd7 16. Nc4 Re8 17. Rfd1 c5 18. Qa5 Bb5 19. Ne3 Nxe4 20. fxe4 Rxe4 21.
Nd5 Ra4 22. Qxc7 Rxa3 23. Qe7 Qxe7 24. Nxe7+ Kf8 25. Nf5 Rxc3 26. a4 Bd3 27.
Nxd6 c4 28. Ra2 Rb8 29. Rf2 f6 30. h4 Ra3 31. Re1 Rxa4 32. Rb2 Rd8 33. Re6 Ra1+
34. Kh2 c3 35. Rb3 Bg6 36. h5 Bxh5 37. Nf5 c2 38. Rb7 c1=Q 39. Rxf6+ Ke8 40.
Re7# 1-0

[Event "Madrid-ch Semifinal A"]
[Site "Madrid ESP"]
[Date "2014.03.25"]
[Round "8.19"]
[White "Garcia Fernandez, Jesus"]
[Black "Hernandez Garcia, Carlos"]
[Result "1/2-1/2"]
[WhiteElo "1892"]
[BlackElo "1814"]
[PlyCount "132"]
[EventDate "2014.03.10"]
[EventType "swiss"]
[EventRounds "9"]
[EventCountry "ESP"]
[Source "lmi"]
[SourceDate "2014.03.10"]

1. e4 c5 2. Nc3 Nc6 3. f4 d6 4. Nf3 g6 5. Bc4 Bg7 6. O-O Nf6 7. d3 a6 8. a4 Bg4
9. Ne2 d5 10. exd5 Bxf3 11. Rxf3 Nxd5 12. c3 O-O 13. Kh1 Nb6 14. Bb3 c4 15. Bc2
Na5 16. d4 e6 17. Rh3 Qd5 18. Ng1 Nd7 19. Qf3 Nf6 20. Be3 Rfe8 21. Rf1 Nc6 22.
Qxd5 Nxd5 23. Bc1 Na5 24. g4 f5 25. Rg3 Rab8 26. h4 Nf6 27. g5 Nd5 28. h5 Kf7
29. Nf3 Nc6 30. Rh3 b5 31. Nh4 b4 32. Bd1 b3 33. Kg2 Nb6 34. hxg6+ hxg6 35.
Nxg6 Ne7 36. Nxe7 Kxe7 37. Rh7 Rg8 38. a5 Nd5 39. Be2 Rbc8 40. Rfh1 Kf8 41. Bf3
Ne7 42. Bb7 Rc7 43. Bxa6 Kf7 44. Re1 Ra8 45. Bb5 Kg8 46. Rh3 Rxa5 47. Be8 Kf8
48. Bh5 Ra6 49. Rhe3 Rcc6 50. Bf3 Rd6 51. R3e2 Ra1 52. Bd2 Ra2 53. Be3 Nd5 54.
Bxd5 exd5 55. Bc1 Rd7 56. Kg3 Raa7 57. Re6 Re7 58. Rxe7 Rxe7 59. Rxe7 Kxe7 60.
Kh4 Bf8 61. Kh5 Kf7 62. Bd2 Kg7 63. Be3 Be7 64. g6 Bf6 65. Bf2 Be7 66. Be3 Bf6
1/2-1/2

[Event "Madrid-ch Semifinal A"]
[Site "Madrid ESP"]
[Date "2014.03.26"]
[Round "9.1"]
[White "Lopez De Turiso, Jose Angel"]
[Black "Barraza Caracuel, Ignacio"]
[Result "1/2-1/2"]
[WhiteElo "2127"]
[BlackElo "2207"]
[PlyCount "59"]
[EventDate "2014.03.10"]
[EventType "swiss"]
[EventRounds "9"]
[EventCountry "ESP"]
[Source "lmi"]
[SourceDate "2014.03.10"]

1. e4 c5 2. c3 Nf6 3. e5 Nd5 4. Nf3 e6 5. g3 Nc6 6. Bg2 d6 7. exd6 Bxd6 8. d4
O-O 9. O-O cxd4 10. Nxd4 Nxd4 11. Qxd4 Qc7 12. Nd2 Be5 13. Qc4 Qb8 14. Qe2 Bd7
15. Nc4 Bf6 16. Ne3 Nxe3 17. Bxe3 Qc7 18. Rfd1 a6 19. Rac1 Rfd8 20. Be4 Bc6 21.
Qc4 Rac8 22. Bxc6 Qxc6 23. Qxc6 Rxc6 24. Rxd8+ Bxd8 25. Rd1 Bc7 26. Kf1 Kf8 27.
Ke2 Ke7 28. h3 e5 29. g4 f6 30. Rd3 1/2-1/2

[Event "Madrid-ch Semifinal A"]
[Site "Madrid ESP"]
[Date "2014.03.26"]
[Round "9.2"]
[White "Rodriguez De Castro, Ayar"]
[Black "Elissalt Cardenas, Hector"]
[Result "1/2-1/2"]
[WhiteElo "2108"]
[BlackElo "2369"]
[PlyCount "111"]
[EventDate "2014.03.10"]
[EventType "swiss"]
[EventRounds "9"]
[EventCountry "ESP"]
[Source "lmi"]
[SourceDate "2014.03.10"]

1. d4 Nf6 2. c4 e6 3. g3 c5 4. d5 exd5 5. cxd5 d6 6. Nc3 g6 7. Nf3 Bg7 8. Bg2
O-O 9. Nd2 a6 10. a4 Nbd7 11. O-O Re8 12. h3 Rb8 13. Nc4 Ne5 14. Na3 Nh5 15.
Kh2 f5 16. f4 Nf7 17. Bd2 Bd7 18. Rb1 b5 19. axb5 axb5 20. b4 c4 21. Nc2 Qb6
22. e3 Nf6 23. Ne2 Ne4 24. Bxe4 Rxe4 25. Bc3 h5 26. Qd2 Rbe8 27. Bxg7 Kxg7 28.
Nc3 R4e7 29. Rfe1 Kh7 30. Ra1 Nh6 31. Ra5 Ng8 32. Rea1 h4 33. gxh4 Qd8 34. Nxb5
Bxb5 35. Rxb5 Rc7 36. Rba5 Qxh4 37. Ra7 Ree7 38. Rxc7 Rxc7 39. b5 Rb7 40. Nd4
Nf6 41. Nf3 Ne4 42. Qg2 Qf6 43. Rc1 c3 44. Ng5+ Nxg5 45. Qxg5 Qxg5 46. fxg5
Rxb5 47. Rxc3 Rxd5 48. Rc7+ Kg8 49. Kg3 Re5 50. Kf3 Kf8 51. Rd7 Re6 52. Ra7 Ke8
53. Rb7 Kf8 54. Ra7 Ke8 55. Rh7 Kf8 56. Ra7 1/2-1/2

[Event "Madrid-ch Semifinal A"]
[Site "Madrid ESP"]
[Date "2014.03.26"]
[Round "9.3"]
[White "Gonzalez Rivera, Eduardo"]
[Black "Martin Rodriguez, Emilio"]
[Result "1/2-1/2"]
[WhiteElo "2101"]
[BlackElo "2078"]
[PlyCount "57"]
[EventDate "2014.03.10"]
[EventType "swiss"]
[EventRounds "9"]
[EventCountry "ESP"]
[Source "lmi"]
[SourceDate "2014.03.10"]

1. e4 e6 2. d4 d5 3. e5 c5 4. c3 Nc6 5. Nf3 cxd4 6. cxd4 Nh6 7. Bxh6 gxh6 8.
Bd3 Qb6 9. Nc3 Bd7 10. Bb5 Bg7 11. O-O O-O 12. Bd3 f6 13. exf6 Bxf6 14. Na4 Qc7
15. Nc5 Nxd4 16. Nxd4 Qxc5 17. Qg4+ Kh8 18. Nxe6 Qd6 19. Rfe1 Rae8 20. Bf5 Rg8
21. Qh3 Re7 22. Qxh6 Bg5 23. Qh3 Rge8 24. Qc3+ d4 25. Nxd4 Rxe1+ 26. Rxe1 Rxe1+
27. Qxe1 Qxd4 28. Bxd7 Qxd7 29. Qe5+ 1/2-1/2

[Event "Madrid-ch Semifinal A"]
[Site "Madrid ESP"]
[Date "2014.03.26"]
[Round "9.4"]
[White "Suarez Uriel, Adrian"]
[Black "Perez De Aranda A., Leonardo I"]
[Result "1-0"]
[WhiteElo "2279"]
[BlackElo "2117"]
[PlyCount "99"]
[EventDate "2014.03.10"]
[EventType "swiss"]
[EventRounds "9"]
[EventCountry "ESP"]
[Source "lmi"]
[SourceDate "2014.03.10"]

1. e4 c5 2. Ne2 Nf6 3. Nbc3 d5 4. exd5 Nxd5 5. Nxd5 Qxd5 6. Nc3 Qe5+ 7. Qe2
Qxe2+ 8. Bxe2 Nc6 9. Nd5 Kd8 10. Ne3 g6 11. Bc4 e6 12. Bb5 Nd4 13. Bd3 Bg7 14.
Rb1 Bd7 15. c3 Nc6 16. O-O Kc7 17. b4 cxb4 18. cxb4 Rad8 19. b5 Nd4 20. Ba3 Kb8
21. Rfc1 Rc8 22. Bd6+ Ka8 23. a4 Nf5 24. Bc7 Rhe8 25. a5 Nxe3 26. dxe3 e5 27.
b6 e4 28. Bc4 f5 29. Bd5 a6 30. Bf7 Re7 31. Bd5 Ree8 32. Rb4 Be6 33. Bxe6 Rxe6
34. Rbc4 Bb2 35. R1c2 Ba3 36. h3 Rc6 37. Rxc6 bxc6 38. Rxc6 Bb4 39. Rf6 Re8 40.
Rf7 Re7 41. Rf8+ Kb7 42. Rb8+ Kc6 43. Ra8 Bxa5 44. Rxa6 Bb4 45. Ra4 Bc5 46. Rc4
Kb5 47. Rxc5+ Kxc5 48. b7 Re8 49. b8=Q Rxb8 50. Bxb8 1-0

[Event "Madrid-ch Semifinal A"]
[Site "Madrid ESP"]
[Date "2014.03.26"]
[Round "9.5"]
[White "Vazquez Gonzalez, Jesus"]
[Black "Alvarez Abejon, Amilcar"]
[Result "1-0"]
[WhiteElo "2054"]
[BlackElo "2054"]
[PlyCount "93"]
[EventDate "2014.03.10"]
[EventType "swiss"]
[EventRounds "9"]
[EventCountry "ESP"]
[Source "lmi"]
[SourceDate "2014.03.10"]

1. b3 e5 2. Bb2 Nc6 3. e3 Nf6 4. c4 d5 5. cxd5 Nxd5 6. Bb5 Bd6 7. Nc3 Nxc3 8.
Bxc3 O-O 9. Bxc6 bxc6 10. Qf3 Rb8 11. Ne2 Qh4 12. Ng3 e4 13. Qh5 Bxg3 14. hxg3
Qxh5 15. Rxh5 Rb5 16. Rxb5 cxb5 17. Bd4 a6 18. Rc1 Bg4 19. Rxc7 Rc8 20. Rxc8+
Bxc8 21. Kd1 a5 22. Kc2 a4 23. Kc3 axb3 24. axb3 Be6 25. Bc5 f5 26. g4 g6 27.
gxf5 gxf5 28. Kd4 Kf7 29. Ke5 h5 30. b4 Bc8 31. f3 exf3 32. gxf3 h4 33. e4 fxe4
34. fxe4 h3 35. Bg1 Ke7 36. Bh2 Bg4 37. d4 Bf3 38. d5 Be2 39. Kd4 Bf3 40. e5
Bg4 41. Kc5 Be2 42. Bg3 Bd3 43. e6 Bc4 44. Be5 Bb3 45. Kc6 Bc4 46. d6+ Kd8 47.
Bf6+ 1-0

[Event "Madrid-ch Semifinal A"]
[Site "Madrid ESP"]
[Date "2014.03.26"]
[Round "9.6"]
[White "Lorenzo Bailador, Alfredo"]
[Black "Martin Martin, Luis Vicente"]
[Result "1/2-1/2"]
[WhiteElo "1996"]
[BlackElo "2065"]
[PlyCount "22"]
[EventDate "2014.03.10"]
[EventType "swiss"]
[EventRounds "9"]
[EventCountry "ESP"]
[Source "lmi"]
[SourceDate "2014.03.10"]

1. e4 e6 2. d4 d5 3. Nd2 dxe4 4. Nxe4 Nd7 5. Nf3 Ngf6 6. Bd3 c5 7. Nxc5 Nxc5 8.
dxc5 Bxc5 9. Bb5+ Bd7 10. Bxd7+ Qxd7 11. Qxd7+ Nxd7 1/2-1/2

[Event "Madrid-ch Semifinal A"]
[Site "Madrid ESP"]
[Date "2014.03.26"]
[Round "9.7"]
[White "Garcia Gutierrez, Jose"]
[Black "Cervino Rossel, Cristobal"]
[Result "1/2-1/2"]
[WhiteElo "2009"]
[BlackElo "2018"]
[PlyCount "42"]
[EventDate "2014.03.10"]
[EventType "swiss"]
[EventRounds "9"]
[EventCountry "ESP"]
[Source "lmi"]
[SourceDate "2014.03.10"]

1. e4 e5 2. b3 Nc6 3. Bb2 Nf6 4. d3 Bc5 5. Nc3 a6 6. Qd2 O-O 7. h3 d5 8. exd5
Nxd5 9. Nxd5 Qxd5 10. O-O-O b5 11. f4 exf4 12. Qxf4 Re8 13. Qg3 Bd4 14. Nf3
Bxb2+ 15. Kxb2 a5 16. d4 Ba6 17. Bd3 Nb4 18. Rhe1 Nxd3+ 19. Rxd3 a4 20. Rde3
Rf8 21. Rc3 axb3 1/2-1/2

[Event "Madrid-ch Semifinal A"]
[Site "Madrid ESP"]
[Date "2014.03.26"]
[Round "9.8"]
[White "Jimenez Gonzalez, Marcos"]
[Black "Lozano Sanchez, Jose Antonio"]
[Result "1-0"]
[WhiteElo "1851"]
[BlackElo "1874"]
[PlyCount "159"]
[EventDate "2014.03.10"]
[EventType "swiss"]
[EventRounds "9"]
[EventCountry "ESP"]
[Source "lmi"]
[SourceDate "2014.03.10"]

1. d4 d5 2. c4 c6 3. Nf3 Nf6 4. e3 Bf5 5. Nc3 e6 6. Qb3 Qc7 7. Nh4 Bg6 8. Nxg6
hxg6 9. cxd5 exd5 10. Bd2 Nbd7 11. Rc1 Qb6 12. Qc2 Qd8 13. Be2 Bd6 14. g3 Qe7
15. Bf3 Nf8 16. a4 Ne6 17. h4 Nxd4 18. Qd1 Nxf3+ 19. Qxf3 Ne4 20. Nxe4 Qxe4 21.
Qxe4+ dxe4 22. Rc4 f5 23. Bc3 Kf7 24. Ke2 Rad8 25. b4 Be7 26. Bd4 Rd7 27. Rhc1
a6 28. R1c2 g5 29. hxg5 Bxg5 30. Rc5 Kg6 31. b5 cxb5 32. axb5 axb5 33. Rxb5 Rf8
34. Rb6+ Bf6 35. Rcb2 Rff7 36. R2b5 Kg5 37. Bxf6+ gxf6 38. Re6 Rc7 39. Rxe4
Rfe7 40. Reb4 Kg6 41. Kf3 Rcd7 42. Rb2 Rc7 43. R2b4 Rcd7 44. Rd4 Rxd4 45. exd4
Re4 46. d5 Re7 47. d6 Rd7 48. Rb6 Kf7 49. Kf4 Ke6 50. Ke3 Kd5 51. Kf4 Kc5 52.
Rb2 Kxd6 53. Kxf5 Ke7 54. Kg6 Rc7 55. g4 Kf8 56. Kxf6 Rf7+ 57. Kg6 Rg7+ 58. Kf5
Rf7+ 59. Kg5 Rf3 60. Kg6 b5 61. g5 b4 62. Rxb4 Rxf2 63. Rb8+ Ke7 64. Rh8 Rf1
65. Ra8 Rf2 66. Kh6 Rh2+ 67. Kg7 Rf2 68. g6 Rf1 69. Ra7+ Ke8 70. Rf7 Rg1 71.
Rf5 Ke7 72. Kh7 Rh1+ 73. Kg8 Rg1 74. g7 Ke6 75. Rf2 Ke7 76. Rf7+ Ke8 77. Rf2
Rg3 78. Rh2 Ke7 79. Rh7 Ke8 80. Kh8 1-0

[Event "Madrid-ch Semifinal A"]
[Site "Madrid ESP"]
[Date "2014.03.26"]
[Round "9.9"]
[White "Lobato Rivero, Carlos"]
[Black "Spitzer Isbert, Ramon"]
[Result "1/2-1/2"]
[WhiteElo "1999"]
[BlackElo "2070"]
[PlyCount "85"]
[EventDate "2014.03.10"]
[EventType "swiss"]
[EventRounds "9"]
[EventCountry "ESP"]
[Source "lmi"]
[SourceDate "2014.03.10"]

1. e4 c5 2. c3 Nf6 3. d3 Nc6 4. f4 d5 5. e5 Ng4 6. d4 Qb6 7. Nf3 e6 8. Nbd2 Ne3
9. dxc5 Bxc5 10. Qa4 Bd7 11. Bb5 a6 12. Bxc6 Bxc6 13. Qb3 Nxg2+ 14. Kd1 Ne3+
15. Ke1 Ng2+ 16. Kd1 d4 17. Qxb6 Bxb6 18. cxd4 O-O 19. b3 Rfd8 20. Bb2 Nxf4 21.
Rf1 Nd3 22. Bc3 Rac8 23. Nc4 Bc7 24. Kd2 Bxf3 25. Kxd3 Bh5 26. Bb4 Bg6+ 27. Ke3
b5 28. Nd6 Bxd6 29. exd6 a5 30. Bxa5 Rxd6 31. Rfc1 Re8 32. Rc5 Rd5 33. Rac1 h5
34. a4 bxa4 35. bxa4 f5 36. Bc7 Ra8 37. a5 Be8 38. Rxd5 exd5 39. Kf4 g6 40. h4
Bb5 41. Rb1 Bc4 42. Rb8+ Rxb8 43. Bxb8 1/2-1/2

[Event "Madrid-ch Semifinal A"]
[Site "Madrid ESP"]
[Date "2014.03.26"]
[Round "9.10"]
[White "Gonzalez Mateos, Rafael"]
[Black "Rosa Ramirez, Victor D"]
[Result "0-1"]
[WhiteElo "2005"]
[BlackElo "1989"]
[PlyCount "74"]
[EventDate "2014.03.10"]
[EventType "swiss"]
[EventRounds "9"]
[EventCountry "ESP"]
[Source "lmi"]
[SourceDate "2014.03.10"]

1. d4 Nf6 2. c3 g6 3. Bg5 Bg7 4. Nd2 d5 5. e3 O-O 6. f4 c5 7. Ngf3 Nbd7 8. Bd3
Qb6 9. Qc2 Ng4 10. f5 h6 11. h3 c4 12. Be2 Nf2 13. Kxf2 hxg5 14. fxg6 fxg6 15.
Kg1 Qd6 16. e4 Qf4 17. exd5 Qe3+ 18. Kf1 b5 19. Qe4 Qxd2 20. d6 Qxb2 21. Rb1
Qxa2 22. dxe7 Re8 23. Re1 Nb6 24. Qxg6 Rxe7 25. Nxg5 Bf5 26. Qh5 Rae8 27. Kg1
Qc2 28. Kh2 Rxe2 29. Qf7+ Kh8 30. Qh5+ Bh7 31. Qxe8+ Rxe8 32. Rxe8+ Bg8 33.
Rhe1 Bf6 34. Ne4 Bh4 35. Re3 Kg7 36. Ng3 Bd5 37. Nf5+ Qxf5 0-1

[Event "Madrid-ch Semifinal A"]
[Site "Madrid ESP"]
[Date "2014.03.26"]
[Round "9.11"]
[White "Tereso Martin, Antonio"]
[Black "Perez Agusti, Luis"]
[Result "1/2-1/2"]
[WhiteElo "2029"]
[BlackElo "1952"]
[PlyCount "154"]
[EventDate "2014.03.10"]
[EventType "swiss"]
[EventRounds "9"]
[EventCountry "ESP"]
[Source "lmi"]
[SourceDate "2014.03.10"]

1. Nf3 Nf6 2. c4 g6 3. d4 c5 4. Nc3 Bg7 5. d5 O-O 6. e4 b5 7. cxb5 d6 8. Be2 a6
9. b6 Qxb6 10. Nd2 Nbd7 11. Nc4 Qc7 12. O-O Nb6 13. Bf4 Nxc4 14. Bxc4 Nd7 15.
Re1 Rb8 16. Qd2 Qa5 17. Rac1 Qb4 18. b3 Ne5 19. Bf1 Nd7 20. Bh6 Bxh6 21. Qxh6
Qd4 22. Red1 Qg7 23. Qg5 Qf6 24. Qd2 Rb4 25. Bc4 Ne5 26. Ne2 Nxc4 27. Rxc4 a5
28. a3 Rxb3 29. Qxa5 Qb2 30. Qe1 Ba6 31. Rd2 Qxa3 32. Rc1 Bxe2 33. Rxe2 Rfb8
34. Rec2 Qb4 35. Qe2 Qd4 36. g3 R3b4 37. Re1 Rb1 38. Rxb1 Rxb1+ 39. Kg2 Qd1 40.
Qxd1 Rxd1 41. Ra2 Rd4 42. f3 Kg7 43. Ra7 Rd2+ 44. Kh3 Kf6 45. g4 g5 46. Kg3 Rd1
47. Rc7 Rg1+ 48. Kf2 Rh1 49. Kg2 Rc1 50. Kg3 h6 51. h4 Rh1 52. h5 Rc1 53. Kf2
c4 54. Ke3 c3 55. Kd3 c2 56. Rc3 Ke5 57. Kd2 Rf1 58. Kxc2 Kf4 59. Rc7 Kxf3 60.
Rxe7 Kxg4 61. e5 Rf5 62. Kd3 dxe5 63. d6 Rf6 64. d7 Rd6+ 65. Ke4 Kxh5 66. Rxf7
Kg4 67. Kxe5 Rd1 68. Rf6 Re1+ 69. Kd6 h5 70. Kc7 Rc1+ 71. Rc6 Rd1 72. Rd6 Rc1+
73. Kb6 Rb1+ 74. Kc7 Rc1+ 75. Rc6 Rd1 76. Rd6 Rc1+ 77. Rc6 Rd1 1/2-1/2

[Event "Madrid-ch Semifinal A"]
[Site "Madrid ESP"]
[Date "2014.03.26"]
[Round "9.12"]
[White "Garcia Gonzalez, Jesus"]
[Black "Pinel Mirasierra, Jose Pablo"]
[Result "1-0"]
[WhiteElo "1993"]
[BlackElo "1951"]
[PlyCount "39"]
[EventDate "2014.03.10"]
[EventType "swiss"]
[EventRounds "9"]
[EventCountry "ESP"]
[Source "lmi"]
[SourceDate "2014.03.10"]

1. e4 c6 2. d4 d5 3. Nc3 dxe4 4. Nxe4 Nd7 5. Bc4 Ngf6 6. Ng5 e6 7. Qe2 Nb6 8.
Bd3 Be7 9. N1f3 O-O 10. Bd2 h6 11. Ne4 Nbd5 12. c4 Nxe4 13. Qxe4 Nf6 14. Qe2 c5
15. dxc5 Bxc5 16. Bc3 Rb8 17. O-O-O Bd7 18. g4 Qe7 19. Rhg1 Nh7 20. Bxh7+ 1-0

[Event "Madrid-ch Semifinal A"]
[Site "Madrid ESP"]
[Date "2014.03.26"]
[Round "9.13"]
[White "Fernandez Aransay, Fernando"]
[Black "Luna Hermoso, Angel"]
[Result "1-0"]
[WhiteElo "1888"]
[BlackElo "1973"]
[PlyCount "69"]
[EventDate "2014.03.10"]
[EventType "swiss"]
[EventRounds "9"]
[EventCountry "ESP"]
[Source "lmi"]
[SourceDate "2014.03.10"]

1. e4 c5 2. Nf3 e6 3. d4 cxd4 4. Nxd4 Nf6 5. Nc3 a6 6. e5 Nd5 7. Nxd5 exd5 8.
Nf5 d6 9. Nxd6+ Bxd6 10. exd6 Qxd6 11. Bd3 O-O 12. O-O Nc6 13. a3 f5 14. Re1
Be6 15. Qf3 Rae8 16. Bf4 Qc5 17. Qg3 d4 18. Bd6 f4 19. Bxc5 fxg3 20. Bxf8 gxf2+
21. Kxf2 Rxf8+ 22. Kg1 Bd5 23. Rf1 g6 24. Rxf8+ Kxf8 25. Re1 Kf7 26. Be4 Bxe4
27. Rxe4 Kf6 28. Kf2 Kf5 29. Re8 b5 30. Ke2 Ne5 31. Ra8 Ng4 32. Rxa6 Ne3 33.
Ra5 Ke4 34. Rxb5 Nxc2 35. a4 1-0

[Event "Madrid-ch Semifinal A"]
[Site "Madrid ESP"]
[Date "2014.03.26"]
[Round "9.15"]
[White "Lopez Orellana, Federico"]
[Black "Camarero Izquierdo, Juan Carlo"]
[Result "1-0"]
[WhiteElo "1808"]
[BlackElo "1864"]
[PlyCount "63"]
[EventDate "2014.03.10"]
[EventType "swiss"]
[EventRounds "9"]
[EventCountry "ESP"]
[Source "lmi"]
[SourceDate "2014.03.10"]

1. d4 Nf6 2. Bg5 c6 3. c3 d5 4. Nd2 Ne4 5. Nxe4 dxe4 6. e3 g6 7. Bc4 Bg7 8. Qc2
Qa5 9. Bf4 f5 10. Ne2 Nd7 11. b4 Qd8 12. Qb3 Nf6 13. Be5 g5 14. Rd1 Kf8 15.
Bxf6 Bxf6 16. d5 cxd5 17. Bxd5 Qb6 18. O-O Kg7 19. Nd4 Be5 20. c4 Qh6 21. g3 e6
22. Bxb7 Bxb7 23. Nxf5+ exf5 24. Rd7+ Kg6 25. c5 Rhf8 26. Rxb7 Qh3 27. Rd1 f4
28. exf4 gxf4 29. Qd5 f3 30. Qxe4+ Qf5 31. Rd6+ Bxd6 32. Qe6+ 1-0

[Event "Madrid-ch Semifinal A"]
[Site "Madrid ESP"]
[Date "2014.03.26"]
[Round "9.16"]
[White "Hernandez Garcia, Carlos"]
[Black "Rueda Maria, Ramiro"]
[Result "1/2-1/2"]
[WhiteElo "1814"]
[BlackElo "1967"]
[PlyCount "78"]
[EventDate "2014.03.10"]
[EventType "swiss"]
[EventRounds "9"]
[EventCountry "ESP"]
[Source "lmi"]
[SourceDate "2014.03.10"]

1. e4 e5 2. Nf3 Nc6 3. Bb5 a6 4. Ba4 Nf6 5. O-O b5 6. Bb3 Be7 7. Re1 O-O 8. c3
d6 9. h3 Nb8 10. d4 Nbd7 11. Nbd2 c5 12. Nf1 Qc7 13. Ng3 g6 14. Bh6 Re8 15.
dxc5 dxc5 16. a4 c4 17. Bc2 Bb7 18. b4 Bf8 19. Bxf8 Nxf8 20. a5 Ne6 21. Qe2 Nf4
22. Qe3 Rad8 23. Rad1 Nd7 24. Ne2 Nxe2+ 25. Rxe2 f6 26. Red2 Nf8 27. Rxd8 Rxd8
28. Rxd8 Qxd8 29. Qd2 Qxd2 30. Nxd2 Ne6 31. g3 h5 32. h4 Kg7 33. Kf1 g5 34.
hxg5 fxg5 35. Nf3 Kf6 36. Ke2 Nf8 37. Ke3 Ng6 38. Bd1 Bc8 39. Nh2 h4 1/2-1/2